Programming with Python (Record no. 359759)
[ view plain ]
| 000 -LEADER | |
|---|---|
| fixed length control field | 01340 a2200169 4500 |
| 005 - DATE AND TIME OF LATEST TRANSACTION | |
| control field | 20241008113406.0 |
| 008 - FIXED-LENGTH DATA ELEMENTS--GENERAL INFORMATION | |
| fixed length control field | 241008b |||||||| |||| 00| 0 eng d |
| 020 ## - INTERNATIONAL STANDARD BOOK NUMBER | |
| International Standard Book Number | 9789360534783 |
| 041 ## - LANGUAGE CODE | |
| Language code of text/sound track or separate title | English |
| 100 ## - MAIN ENTRY--PERSONAL NAME | |
| Author | Mcmullen K. |
| 245 ## - TITLE STATEMENT | |
| Title | Programming with Python |
| 260 ## - PUBLICATION, DISTRIBUTION, ETC. | |
| Name of publisher, distributor, etc. | Cengage Learning India |
| Date of publication, distribution, etc. | 2023 |
| 300 ## - PHYSICAL DESCRIPTION | |
| Extent | 537 |
| 520 ## - SUMMARY, ETC. | |
| Summary, etc. | Table of Content<br/><br/>1. Computational Thinking.<br/><br/>2. Programming Tools.<br/><br/>3. Literals, Variables, and Constants.<br/><br/>4. Numeric Data Types and Expressions.<br/><br/>5. Character and String Data Types.<br/><br/>6. Decision Control Structures.<br/><br/>7. Repetition Control Structures.<br/><br/>8. Lists.<br/><br/>9. Functions.<br/><br/>10. Exceptions.<br/><br/>11. File Operations.<br/><br/>12. Recursion.<br/><br/>13. Modules.<br/><br/>14. Classes and Objects.<br/><br/>15. Methods.<br/><br/>16. Encapsulation.<br/><br/>17. Inheritance.<br/><br/>18. Polymorphism.<br/><br/>19. Linked List Data Structures.<br/><br/>20. Stacks, Queues, and Tables.<br/><br/>21. Trees and Graphs.<br/><br/>22. Algorithm Complexity and Big-O Notation.<br/><br/>23. Search Algorithms.<br/><br/>24. Sorting Algorithms.<br/><br/>25. Processor Architecture.<br/><br/>26. Data Representation.<br/><br/>27. Programming Paradigms.<br/><br/>28. User Interfaces.<br/><br/>29. Software Development Methodologies.<br/><br/>30. Pseudocode, Flowcharts, and Decision Tables.<br/><br/>31. Unified Modeling Language. |
| 700 ## - ADDED ENTRY--PERSONAL NAME | |
| Personal name | Matthews E. |
| -- | Parsons J.J. |
| 942 ## - ADDED ENTRY ELEMENTS (KOHA) | |
| Koha item type | Books |
| Withdrawn status | Lost status | Source of classification or shelving scheme | Damaged status | Not for loan | Home library | Current library | Date acquired | Vendor | Net Price | Total Checkouts | Full call number | Barcode | Date last seen | Date last checked out | Actual Price | Bill Date | Koha item type |
|---|---|---|---|---|---|---|---|---|---|---|---|---|---|---|---|---|---|
| Dewey Decimal Classification | Cummins College of Engineering for Women Pune | Cummins College of Engineering for Women Pune | 03/10/2024 | 87 | 487.50 | 3 | 005.13'3 MCM | CCEP-BK-67472 | 27/03/2026 | 12/03/2026 | 650.00 | 03/10/2024 | Books | ||||
| Dewey Decimal Classification | Cummins College of Engineering for Women Pune | Cummins College of Engineering for Women Pune | 03/10/2024 | 87 | 487.50 | 7 | 005.13'3 MCM | CCEP-BK-67471 | 12/05/2026 | 27/03/2026 | 650.00 | 03/10/2024 | Books |